[Event "Druzynowe Mistrzostwa Polski w Szachach I LIGA 2021"]
[Site "Szklarska Poreba"]
[Date "1899-12-30"]
[Round "5.41"]
[White "Walter, Szymon"]
[Black "Kucharska, Honorata"]
[Result "1/2-1/2"]
[WhiteTitle "FM"]
[BlackTitle "WFM"]
[WhiteElo "2284"]
[BlackElo "2172"]

1. e4 e6 2. d4 d5 3. Nc3 Nf6 4. Bg5 Be7 5. e5 Nfd7 6. h4 Nc6 7. Qd2 Nb6 8. O-O-O
Bd7 9. f4 h6 10. Bxe7 Qxe7 11. Nf3 O-O-O 12. h5 Be8 13. Kb1 a6 14. Be2 f6 15.
exf6 gxf6 16. g4 Bf7 17. Qe3 Qd6 18. Bd3 Kb8 19. Rde1 Nb4 20. g5 Nxd3 21. cxd3
hxg5 22. fxg5 fxg5 23. h6 Bg6 24. Ka1 Bf5 25. Nxg5 Qe7 26. a3 Rde8 27. Nf3 Qh7
28. Ng5 Qe7 29. Nf3 Qh7 30. Ng5 Qe7 1/2-1/2

[Event "Druzynowe Mistrzostwa Polski w Szachach I LIGA 2021"]
[Site "Szklarska Poreba"]
[Date "1899-12-30"]
[Round "5.42"]
[White "Kroliczek, Gabriela"]
[Black "Marcinczyk, Monika"]
[Result "1/2-1/2"]
[WhiteTitle "k"]
[BlackTitle "WCM"]
[WhiteElo "1889"]
[BlackElo "1982"]

1. d4 d5 2. c4 e6 3. Nc3 c6 4. Nf3 dxc4 5. e4 b5 6. a4 Bb4 7. Bg5 Nf6 8. e5 h6
9. exf6 hxg5 10. fxg7 Rg8 11. g3 Bb7 12. Bg2 c5 13. O-O g4 14. Nh4 Bxg2 15. Nxg2
Nc6 16. Qxg4 cxd4 17. Nxb5 a6 18. Qe4 Rc8 19. Qh7 Ne7 20. Nf4 e5 21. Nh5 Rc6 22.
Rfc1 Qb6 23. Na3 Rh6 24. Qe4 Rxh5 25. Nxc4 Qc6 26. Qe2 Qh6 27. Nxe5 d3 28. Qe4
Rxe5 29. Qxe5 Qd6 30. Qxd6 Bxd6 31. Rd1 Rxg7 32. Rxd3 Bb4 33. Rc1 Rg6 34. h4 Nf5
35. Kh2 a5 36. Kh3 Kf8 37. h5 Re6 38. g4 Nd6 39. Rc2 Re1 40. f3 Kg7 41. Rc6 Re6
42. Rc7 Re2 43. Rc6 Re6 44. Rc7 1/2-1/2

[Event "Druzynowe Mistrzostwa Polski w Szachach I LIGA 2021"]
[Site "Szklarska Poreba"]
[Date "1899-12-30"]
[Round "5.43"]
[White "Niedbala, Bartlomiej"]
[Black "Kaczmarek, Aleksander"]
[Result "1-0"]
[WhiteTitle "FM"]
[BlackTitle "FM"]
[WhiteElo "2380"]
[BlackElo "2368"]

1. e4 c6 2. d4 d5 3. e5 Bf5 4. Nf3 e6 5. Be2 Nd7 6. O-O h6 7. a4 a5 8. Nbd2 Ne7
9. Nb3 Bg4 10. Bd2 Nf5 11. Qe1 b6 12. Rc1 Be7 13. h3 Bxf3 14. Bxf3 O-O 15. c4
dxc4 16. Rxc4 b5 17. axb5 Nb6 18. Rxc6 a4 19. Ba5 Rb8 20. Nc5 Nxd4 21. Nxa4 Nxc6
22. bxc6 Qd4 23. Nxb6 Rxb6 24. Bxb6 Qxb6 25. Qe2 Rd8 26. Rc1 Qc7 27. Rc2 Ra8 28.
g3 g6 29. Qb5 Kg7 30. Kg2 Ra1 31. Rd2 Ra5 32. Qb7 Ra7 33. Qxc7 Rxc7 34. Rd4 f6
35. b4 fxe5 36. Rc4 Bd8 37. Rc5 Kf6 38. Rb5 Kf5 39. Rb8 Be7 40. b5 e4 41. Bd1
Bc5 42. Kf1 Ke5 43. f4+ Kd4 44. Ke2 g5 45. fxg5 hxg5 46. b6 Rf7 47. c7 e3 48.
Rd8+ Ke4 49. Bc2+ Ke5 50. c8=Q Rf2+ 51. Kd3 1-0

[Event "Druzynowe Mistrzostwa Polski w Szachach I LIGA 2021"]
[Site "Szklarska Poreba"]
[Date "1899-12-30"]
[Round "5.44"]
[White "Gahan, M G"]
[Black "Suder, Jakub"]
[Result "1/2-1/2"]
[WhiteTitle "FM"]
[BlackTitle "FM"]
[WhiteElo "2279"]
[BlackElo "2339"]

1. e4 e6 2. d4 d5 3. Bd3 dxe4 4. Bxe4 Nf6 5. Bf3 c5 6. Ne2 Nc6 7. Be3 e5 8. Bxc6+
bxc6 9. dxe5 Qxd1+ 10. Kxd1 Ng4 11. Re1 Nxe3+ 12. fxe3 Ba6 13. Nd2 O-O-O 14. Kc1
Be7 15. c4 Bg5 16. Nc3 Rd3 17. Kc2 Rxe3 18. Nde4 Rxe1 19. Nd6+ Kc7 20. Rxe1 Be7
21. Nxf7 Rf8 22. Nd6 Bxd6 23. exd6+ Kxd6 24. b3 Rf2+ 25. Re2 Rxe2+ 26. Nxe2 Ke5
27. Kd3 Bc8 28. Ke3 Bf5 29. Nc3 g5 30. Na4 Kd6 31. g3 Bg6 32. h4 h6 33. Kf3 Bh5+
34. Ke4 Bg6+ 35. Ke3 Bc2 36. Kd2 Bg6 37. hxg5 hxg5 38. a3 a5 39. Kc3 Be8 40. Kd2
1/2-1/2

[Event "Druzynowe Mistrzostwa Polski w Szachach I LIGA 2021"]
[Site "Szklarska Poreba"]
[Date "1899-12-30"]
[Round "5.45"]
[White "Czerw, Dawid"]
[Black "Skomial, Mateusz"]
[Result "1-0"]
[WhiteTitle "FM"]
[BlackTitle "I++"]
[WhiteElo "2413"]
[BlackElo "2062"]

1. d4 d5 2. c4 e6 3. Nf3 Nf6 4. g3 Be7 5. Bg2 O-O 6. Nc3 Nbd7 7. O-O dxc4 8. a4
c5 9. e4 cxd4 10. Qxd4 Nc5 11. Qxc4 b6 12. Rd1 Ba6 13. Qa2 Qc8 14. e5 Nfe4 15.
Nxe4 Nxe4 16. Be3 Bc4 17. Qb1 Bd5 18. Ne1 Qb7 19. Rd4 Nc5 20. Bxd5 exd5 21. Qa2
Rad8 22. Rad1 Na6 23. Qb3 Nc7 24. R4d2 Rd7 25. Ng2 Rfd8 26. Nf4 h6 27. h4 Bf8
28. a5 b5 29. Bd4 Ne6 30. Nxe6 fxe6 31. Rc2 Qa6 32. Qc3 Rb8 33. Qc6 Qxc6 34. Rxc6
Kf7 35. Rdc1 Bb4 36. Ra6 Rbb7 37. Rcc6 Rdc7 38. Rxc7+ Rxc7 39. Bxa7 Rc1+ 40. Kg2
Ra1 41. Bb6 d4 42. Ra7+ Kg6 43. Rd7 Kf5 44. Kf3 d3 45. h5 Bxa5 46. g4+ Kg5 47.
Bxa5 1-0

[Event "Druzynowe Mistrzostwa Polski w Szachach I LIGA 2021"]
[Site "Szklarska Poreba"]
[Date "1899-12-30"]
[Round "5.46"]
[White "Kulesza, Andrzej"]
[Black "Redzisz, Michal"]
[Result "0-1"]
[WhiteTitle "I++"]
[BlackTitle "FM"]
[WhiteElo "1983"]
[BlackElo "2219"]

1. e4 c6 2. d4 d5 3. Nd2 dxe4 4. Nxe4 Bf5 5. Ng3 Bg6 6. h4 h6 7. Nf3 Nd7 8. h5
Bh7 9. Bd3 Bxd3 10. Qxd3 e6 11. Bd2 Ngf6 12. O-O-O a5 13. Rhe1 Bb4 14. c3 Be7
15. Qe2 O-O 16. Ne5 Qc7 17. Nxd7 Qxd7 18. f4 Rfe8 19. Kb1 b5 20. Ne4 b4 21. Nc5
Bxc5 22. dxc5 Qd5 23. g4 Qxc5 24. c4 Rad8 25. Be3 Qe7 26. g5 hxg5 27. fxg5 Nh7
28. Qg2 Rxd1+ 29. Rxd1 Rd8 30. Rxd8+ Qxd8 31. Kc2 Qd6 32. g6 fxg6 33. Qxg6 Nf8
34. Qg1 Qe5 35. h6 Qe4+ 36. Kb3 Ng6 37. Qg5 gxh6 38. Qxh6 Kf7 39. Bg5 Qf5 40.
Qh7+ Kf8 41. Bh6+ Ke8 42. Ka4 Ne5 43. Qxf5 exf5 44. b3 Nd3 45. Kxa5 Kd7 46. Ka4
c5 47. Kb5 Kd6 48. Be3 f4 49. Bg1 f3 50. Bh2+ Ke6 51. Bg1 Ke5 52. Kc6 Kf4 53.
Kd5 Kg3 54. Ke4 Nf2+ 55. Kd5 Kg2 56. Kd4 0-1

[Event "Druzynowe Mistrzostwa Polski w Szachach I LIGA 2021"]
[Site "Szklarska Poreba"]
[Date "1899-12-30"]
[Round "5.47"]
[White "Galuszka, Tomasz"]
[Black "Paprocki, Antoni"]
[Result "1-0"]
[WhiteTitle "k+"]
[BlackTitle "I++"]
[WhiteElo "2212"]
[BlackElo "1894"]

1. e4 c6 2. d4 d5 3. Nc3 dxe4 4. Nxe4 Bf5 5. Ng3 Bg6 6. h4 h6 7. Nf3 e6 8. h5 Bh7
9. Bd3 Bxd3 10. Qxd3 Nf6 11. Bd2 Be7 12. O-O-O O-O 13. Ne4 Nxe4 14. Qxe4 Qd5 15.
Qxd5 cxd5 16. g4 Nc6 17. Rdg1 Rac8 18. Kb1 b5 19. Rh3 f6 20. c3 b4 21. Nh4 Rfe8
22. Ng6 Bd6 23. f4 Kf7 24. g5 bxc3 25. bxc3 Rg8 26. Re1 Na5 27. gxh6 gxh6 28.
f5 exf5 29. Bf4 Rb8+ 30. Kc2 Rgd8 31. Bxd6 Rxd6 32. Re7+ Kg8 33. Rg3 Rb7 34. Nh4+
Kf8 35. Ng6+ Kg8 36. Rxb7 Nxb7 37. Ne7+ Kf8 38. Nxf5 Ra6 39. Rg6 Nd8 40. Nxh6
Rxa2+ 41. Kb3 Rh2 42. Rxf6+ Kg7 43. Rg6+ Kh7 44. Rd6 Nb7 45. Rd7+ Kxh6 46. Rxb7
Rxh5 47. Rxa7 Kg5 48. Rf7 Kg6 49. Rf8 Kg7 50. Rf3 Rh8 51. Rf5 Rd8 52. Kb4 Kg6
53. Re5 Kf6 54. Kc5 Rc8+ 55. Kxd5 Rxc3 56. Kd6 Ra3 57. Re1 Ra6+ 58. Kc5 Ra5+ 59.
Kc6 Ra6+ 60. Kb5 Ra2 61. d5 Rb2+ 62. Kc6 Rc2+ 63. Kd7 Rd2 64. d6 Kf7 65. Kc7 Rc2+
66. Kd8 Rd2 67. d7 Rc2 68. Rf1+ Kg7 69. Rf4 Rc1 70. Ke7 Re1+ 71. Kd6 Rd1+ 72.
Ke6 Re1+ 73. Kd5 Rd1+ 74. Rd4 1-0

[Event "Druzynowe Mistrzostwa Polski w Szachach I LIGA 2021"]
[Site "Szklarska Poreba"]
[Date "1899-12-30"]
[Round "5.48"]
[White "Budkiewicz, Magdalena"]
[Black "Adamczyk, Zuzanna"]
[Result "1-0"]
[WhiteTitle "k"]
[BlackTitle "WCM"]
[WhiteElo "1827"]
[BlackElo "2055"]

1. e4 c6 2. d4 d5 3. Nc3 dxe4 4. Nxe4 Nf6 5. Nxf6+ exf6 6. Be3 Bd6 7. Bd3 O-O 8.
Ne2 Re8 9. O-O Nd7 10. c4 Nf8 11. Qd2 Ng6 12. Ng3 Bc7 13. Rac1 Ne7 14. Rfd1 f5
15. b4 Be6 16. a4 Qb8 17. f4 a6 18. Ne2 Nc8 19. Rc2 Nd6 20. Rdc1 Ne4 21. Bxe4
fxe4 22. d5 Bg4 23. Nc3 g5 24. Rf1 gxf4 25. Bxf4 Bxf4 26. Rxf4 f5 27. Nxe4 Qe5
28. Ng3 cxd5 29. Qxd5+ Qxd5 30. cxd5 Re5 31. Rd2 Rd8 32. h3 Re1+ 33. Kf2 Rd1 34.
Rc2 R8xd5 35. hxg4 R5d2+ 36. Rxd2 Rxd2+ 37. Ke3 Rxg2 38. Nxf5 Ra2 39. a5 Rc2 40.
Nd6 1-0

[Event "Druzynowe Mistrzostwa Polski w Szachach I LIGA 2021"]
[Site "Szklarska Poreba"]
[Date "1899-12-30"]
[Round "5.49"]
[White "Klimkowski, Jan"]
[Black "Ustianovich, Nazar"]
[Result "1/2-1/2"]
[WhiteTitle "FM"]
[BlackTitle "FM"]
[WhiteElo "2342"]
[BlackElo "2348"]

1. e4 c5 2. Nf3 g6 3. d4 cxd4 4. Nxd4 Nc6 5. c4 Nf6 6. Nc3 d6 7. Be2 Nxd4 8. Qxd4
Bg7 9. Be3 O-O 10. Qd2 a5 11. f3 a4 12. O-O Qa5 13. Rac1 Be6 14. Nd5 Qxd2 15.
Bxd2 Nxd5 16. cxd5 Bd4+ 17. Kh1 Bd7 18. Bc3 Be3 19. Rce1 a3 20. Bd3 Bh6 21. b3
Rfc8 22. Bb4 Bg7 23. Rc1 Bb2 24. Rxc8+ Rxc8 25. Rf2 f5 26. Rc2 Rxc2 27. Bxc2 fxe4
28. Bxe4 Kf7 29. Kg1 Kf6 30. Kf2 Ke5 31. Ke3 Bc1+ 32. Kd3 Bb5+ 33. Kc2 Bb2 34.
Bd2 Be8 35. Bg5 e6 36. dxe6 d5 37. Bd3 Kxe6 38. Bh6 Bd7 39. Bf8 Kf6 40. Bb4 Ke5
41. Bc5 Be8 42. Kd2 Bd7 43. Bb4 Be8 44. g3 Bc6 45. f4+ Kd4 46. f5 Be8 47. Bf8
gxf5 48. Bg7+ Kc5 49. Bf8+ Kd4 50. Bxf5 Bg6 51. Bg7+ Kc5 52. Bf8+ Kd4 53. Bxg6
hxg6 54. h4 Bc3+ 55. Ke2 Bb2 56. Kd2 Bc3+ 57. Ke2 Bb2 58. g4 Ke4 59. h5 gxh5 60.
gxh5 Kf5 61. Kd3 Ke6 62. h6 Kf7 63. Bg7 Kg6 64. Bf8 Kf7 65. Bg7 Kg6 66. b4 b5
67. Bf8 Kf7 68. Bg7 Kg6 69. Bxb2 axb2 70. Kc2 Kxh6 71. Kxb2 Kg5 72. a4 bxa4 73.
b5 d4 74. b6 d3 75. b7 a3+ 76. Kxa3 1/2-1/2

[Event "Druzynowe Mistrzostwa Polski w Szachach I LIGA 2021"]
[Site "Szklarska Poreba"]
[Date "1899-12-30"]
[Round "5.50"]
[White "Pniaczek, Marek"]
[Black "Szadkowski, Kamil"]
[Result "1-0"]
[WhiteTitle "CM"]
[BlackTitle "FM"]
[WhiteElo "2314"]
[BlackElo "2338"]

1. e4 c5 2. Nf3 d6 3. d4 cxd4 4. Nxd4 Nf6 5. Nc3 a6 6. h3 e6 7. g4 Be7 8. Bg2 Nfd7
9. Be3 Nc6 10. O-O g5 11. Nce2 h5 12. gxh5 Nce5 13. Ng3 b5 14. b3 Bb7 15. h6 Rxh6
16. Nh5 Nc5 17. Ng3 Ng6 18. b4 Nd7 19. Ndf5 exf5 20. Nxf5 Rh7 21. Bxg5 Bxg5 22.
Nxd6+ Kf8 23. Nxb7 Qc7 24. Qd6+ Qxd6 25. Nxd6 Nde5 26. a4 Rd8 27. Nf5 Nf4 28.
axb5 axb5 29. Rfd1 Nxh3+ 30. Bxh3 Rxh3 31. f4 Rxd1+ 32. Rxd1 f6 33. fxg5 fxg5
34. Rd5 Nc4 35. Rxb5 Rc3 36. Rc5 Rxc2 37. Rc8+ 1-0

[Event "Druzynowe Mistrzostwa Polski w Szachach I LIGA 2021"]
[Site "Szklarska Poreba"]
[Date "1899-12-30"]
[Round "5.51"]
[White "Snihur, Piotr"]
[Black "Smolka, Marcin"]
[Result "1-0"]
[WhiteTitle "k+"]
[BlackTitle "k"]
[WhiteElo "2272"]
[BlackElo "2210"]

1. e4 e5 2. Nf3 Nc6 3. Bb5 a6 4. Ba4 Nf6 5. O-O b5 6. Bb3 Bc5 7. a4 Bb7 8. c3 d6
9. d4 Bb6 10. Re1 O-O 11. axb5 axb5 12. Rxa8 Qxa8 13. Bg5 Nd7 14. Na3 exd4 15.
cxd4 Na5 16. Bc2 b4 17. Nb1 Re8 18. Nbd2 h6 19. Bh4 Nf8 20. Bg3 d5 21. e5 c5 22.
dxc5 Bxc5 23. Bb1 Rc8 24. Nh4 Nc4 25. Nf5 Ne6 26. Nb3 Qa4 27. Bc2 Nxb2 28. Nxc5
Nxd1 29. Bxa4 Nxc5 30. Bxd1 Ra8 31. Nd4 Ra1 32. f4 Ba6 33. Bb3 Ra3 34. Bxd5 b3
35. f5 b2 36. e6 fxe6 37. Nxe6 Nxe6 38. fxe6 Bb5 39. e7+ Kh7 40. Be4+ Kg8 41.
Be5 1-0

[Event "Druzynowe Mistrzostwa Polski w Szachach I LIGA 2021"]
[Site "Szklarska Poreba"]
[Date "1899-12-30"]
[Round "5.52"]
[White "Musial, Tomasz"]
[Black "Leskiewicz, Ignacy"]
[Result "0-1"]
[WhiteTitle "k"]
[BlackTitle "k"]
[WhiteElo "2096"]
[BlackElo "2169"]

1. d4 b6 2. e4 Bb7 3. Bd3 e6 4. Nf3 d5 5. e5 Ne7 6. O-O c5 7. c3 Nec6 8. Qe2 Be7
9. Be3 Nd7 10. a3 Qc7 11. Ne1 O-O-O 12. f4 f5 13. Nf3 h6 14. Nbd2 c4 15. Bc2 Rdg8
16. b3 Na5 17. Rfb1 g5 18. b4 Nc6 19. Nf1 gxf4 20. Bxf4 Rg4 21. g3 h5 22. Ne3
Rg7 23. Bxf5 exf5 24. Nxd5 Nxd4 25. Nxe7+ Rxe7 26. cxd4 Qc6 27. Kf2 h4 28. b5
hxg3+ 29. Bxg3 Qd5 30. Rc1 Kb8 31. Rc3 f4 32. Bxf4 Rf8 33. Kg3 Ka8 34. Qxc4 Rg7+
35. Kf2 Qxc4 36. Rxc4 Rxf4 37. Rc3 Rgf7 38. e6 Rxf3+ 39. Rxf3 Rxf3+ 40. Ke2 Nf6
41. e7 Ne8 42. Re1 Kb8 0-1

[Event "Druzynowe Mistrzostwa Polski w Szachach I LIGA 2021"]
[Site "Szklarska Poreba"]
[Date "1899-12-30"]
[Round "5.53"]
[White "Kwiatkowski, Wiktor"]
[Black "Bielczyk, Jacek"]
[Result "1/2-1/2"]
[WhiteTitle "I++"]
[BlackTitle "IM"]
[WhiteElo "2077"]
[BlackElo "2264"]

1. e4 c5 2. Nf3 Nc6 3. Bb5 g6 4. Bxc6 dxc6 5. O-O Bg7 6. d3 e5 7. a4 Qe7 8. a5
Nf6 9. Nbd2 O-O 10. Nc4 Ne8 11. Be3 Nc7 12. Re1 Rd8 13. h3 f6 14. Qe2 Ne6 15.
c3 Bd7 16. Rad1 Be8 17. d4 cxd4 18. cxd4 exd4 19. Nxd4 Bf7 20. Nc2 c5 21. f4 Nd4
22. Nxd4 cxd4 23. Rxd4 Rxd4 24. Bxd4 Qc7 25. b3 Qxf4 26. Rf1 Qg5 27. Nd6 Bxb3
28. Qb2 Be6 29. Qxb7 Rf8 30. Kh2 Qxa5 31. Qe7 Bb3 32. Rf3 Qd8 33. Qxd8 Rxd8 34.
Rxb3 Rxd6 35. Rb8+ Kf7 36. Rb7+ Kg8 37. Rb8+ Kf7 38. Rb7+ Kg8 39. Rb8+ 1/2-1/2

[Event "Druzynowe Mistrzostwa Polski w Szachach I LIGA 2021"]
[Site "Szklarska Poreba"]
[Date "1899-12-30"]
[Round "5.54"]
[White "Murawko, Katarzyna"]
[Black "Pastuszko, Kinga"]
[Result "1-0"]
[WhiteTitle "WCM"]
[BlackTitle "k+"]
[WhiteElo "1974"]
[BlackElo "1984"]

1. e4 c5 2. Nf3 d6 3. d4 cxd4 4. Nxd4 Nf6 5. f3 e5 6. Nb3 Be6 7. c4 Nbd7 8. Be3
h5 9. Nc3 a6 10. Nd5 Bxd5 11. cxd5 g6 12. Qd2 b6 13. Rc1 Nc5 14. Na1 b5 15. b4
Na4 16. Bd3 Nd7 17. O-O Rc8 18. Rxc8 Qxc8 19. Rc1 Qd8 20. Nb3 Bg7 21. Rc6 Nb8
22. Rc2 O-O 23. Qc1 Nd7 24. Na5 Ndb6 25. Rc6 Qb8 26. Bc2 f5 27. Bxa4 Nxa4 28.
Rxa6 fxe4 29. fxe4 Qd8 30. Rc6 Qh4 31. Rxd6 Qxe4 32. Nc6 Kh7 33. h3 Nb2 34. Rd7
Nd3 35. Qd2 Qf5 36. Rxg7+ Kxg7 37. Bh6+ Kf7 38. Bxf8 Kxf8 39. Qh6+ Kf7 40. Qh7+
Kf8 41. Qe7+ Kg8 42. Qh4 Kg7 43. d6 e4 44. Qg3 Nf4 45. Kh2 Ne2 46. Ne7 Qf6 47.
Qxg6+ Qxg6 48. Nxg6 Nd4 49. d7 Nc6 50. Ne5 Nd8 51. Kg3 Kf6 52. Kf4 e3 53. Nd3
Ke7 54. Kxe3 Kxd7 55. Ke4 Kd6 56. Nf4 Nc6 57. a3 Ne5 58. Nxh5 Nc4 59. Ng7 Nxa3
60. Nf5+ Kc6 61. Nd4+ Kb6 62. h4 Nc4 63. h5 1-0

[Event "Druzynowe Mistrzostwa Polski w Szachach I LIGA 2021"]
[Site "Szklarska Poreba"]
[Date "1899-12-30"]
[Round "5.55"]
[White "Psyk, Radoslaw"]
[Black "Fus, Jakub"]
[Result "1-0"]
[WhiteTitle "k++"]
[BlackTitle "FM"]
[WhiteElo "2400"]
[BlackElo "2376"]

1. e4 e5 2. Nc3 Nf6 3. Nf3 Nc6 4. Bb5 Bb4 5. O-O O-O 6. d3 Bxc3 7. bxc3 d6 8. Bg5
Qe7 9. Bxc6 bxc6 10. Nd2 h6 11. Bh4 Rb8 12. Nc4 g5 13. Bg3 Bg4 14. Qc1 Be6 15.
Ne3 c5 16. Qa3 c6 17. f3 Nh5 18. Rfd1 Nf4 19. Rd2 f5 20. exf5 Bxf5 21. Re1 h5
22. d4 h4 23. Nxf5 Rxf5 24. Bxf4 gxf4 25. Qa6 cxd4 26. Qxc6 Qf6 27. cxd4 Kh8 28.
Rde2 Rg8 29. dxe5 Qg7 30. Qxd6 h3 31. Qe6 Qg5 32. Rd1 Rg6 33. Qc8+ Rg8 34. Qe6
Rg6 35. Qd5 Rg8 36. Qd4 Qh5 37. e6+ Kh7 38. Qe4 Rg6 39. e7 hxg2 40. Qxf5 1-0

[Event "Druzynowe Mistrzostwa Polski w Szachach I LIGA 2021"]
[Site "Szklarska Poreba"]
[Date "1899-12-30"]
[Round "5.56"]
[White "Baum, Jonasz"]
[Black "Zaskalski, Arkadiusz"]
[Result "1-0"]
[WhiteTitle "IM"]
[BlackTitle "k"]
[WhiteElo "2254"]
[BlackElo "2160"]

1. d4 Nf6 2. c4 e6 3. Nf3 d5 4. g3 Be7 5. Bg2 O-O 6. O-O dxc4 7. Qc2 a6 8. a4 c6
9. a5 b5 10. axb6 Qxb6 11. Nbd2 a5 12. Nxc4 Qb5 13. b3 Bb7 14. Bd2 Bb4 15. Bxb4
axb4 16. Nd6 Qb6 17. Qc5 Qxc5 18. dxc5 Rxa1 19. Rxa1 Ba6 20. Nd4 Nfd7 21. Ra5
Rd8 22. Nxc6 Nxc6 23. Rxa6 Ncb8 24. Ra5 Kf8 25. Rb5 Ke7 26. Nb7 Rc8 27. Rxb4 Na6
28. Rc4 Ne5 29. Re4 Nc6 30. Rg4 g6 31. Nd6 Rc7 32. Nb5 Rc8 33. Nd6 Rc7 34. Nb5
Rc8 35. Bxc6 Rxc6 36. b4 Rc8 37. Rc4 e5 38. Nc3 Ke6 39. e4 Nb8 40. b5 Nd7 41.
Na4 f5 42. c6 1-0

[Event "Druzynowe Mistrzostwa Polski w Szachach I LIGA 2021"]
[Site "Szklarska Poreba"]
[Date "1899-12-30"]
[Round "5.57"]
[White "Markiewicz, Jerzy"]
[Black "Dalkowski, Rafal"]
[Result "1/2-1/2"]
[WhiteTitle "FM"]
[BlackTitle "k"]
[WhiteElo "2197"]
[BlackElo "2252"]

1. e4 c5 2. Nf3 g6 3. d4 cxd4 4. Nxd4 Nc6 5. c4 Nf6 6. Nc3 Nxd4 7. Qxd4 d6 8. Be3
Bg7 9. f3 O-O 10. Qd2 Be6 11. Rc1 Qa5 12. b3 Rfc8 13. Be2 a6 14. Na4 Qxd2+ 15.
Kxd2 Nd7 16. g4 f5 17. gxf5 gxf5 18. Rhg1 Kh8 19. Nc3 fxe4 20. fxe4 b5 21. Nd5
Bxd5 22. exd5 bxc4 23. Rxc4 Rxc4 24. Bxc4 a5 25. Bb5 Ne5 26. Ke2 Bf6 27. a4 Rc8
28. Rc1 Rg8 29. Rg1 Rc8 1/2-1/2

[Event "Druzynowe Mistrzostwa Polski w Szachach I LIGA 2021"]
[Site "Szklarska Poreba"]
[Date "1899-12-30"]
[Round "5.58"]
[White "Jarzebowski, Kacper"]
[Black "Augustyn, Sebastian"]
[Result "1-0"]
[WhiteTitle "k+"]
[BlackTitle "k"]
[WhiteElo "2090"]
[BlackElo "2147"]

1. d4 d5 2. Nf3 c6 3. c4 e6 4. Qc2 Bd6 5. g3 f5 6. Bf4 Bxf4 7. gxf4 Nf6 8. e3 O-O
9. Nbd2 Ne4 10. Ne5 Bd7 11. h4 Be8 12. Be2 Rf6 13. h5 Qa5 14. a3 Na6 15. Rd1 Rh6
16. Rc1 Qxd2+ 17. Qxd2 Nxd2 18. Kxd2 Nb8 19. cxd5 exd5 20. Bd3 Rf6 21. Rcg1 Nd7
22. Rg5 Nxe5 23. fxe5 Rf7 24. Rxf5 Re7 25. Rg5 Bd7 26. f4 Rf8 27. h6 g6 28. b4
a6 29. Ke2 Ref7 30. Bxg6 hxg6 31. e6 Rf6 32. h7+ Kh8 33. exd7 Rd6 34. Rh6 Rxd7
35. Rgxg6 Rxh7 36. Rxh7+ Kxh7 37. Rd6 Rf7 38. a4 Kg7 39. b5 axb5 40. axb5 Rc7
41. Kf3 Kf8 42. bxc6 bxc6 43. f5 Ke7 44. Rh6 Kf8 45. Rh8+ Kg7 46. Rd8 Kf6 47.
Kf4 c5 48. Rxd5 c4 49. Rd6+ Ke7 50. Rh6 c3 51. f6+ Ke8 52. Rh8+ Kd7 53. Rh7+ Kd6
54. Rxc7 Kxc7 55. f7 c2 56. f8=Q c1=Q 57. Qc5+ 1-0

[Event "Druzynowe Mistrzostwa Polski w Szachach I LIGA 2021"]
[Site "Szklarska Poreba"]
[Date "1899-12-30"]
[Round "5.59"]
[White "Mika, Tomasz"]
[Black "Mulawa, Cyprian"]
[Result "1/2-1/2"]
[WhiteTitle "I++"]
[BlackTitle "I"]
[WhiteElo "2137"]
[BlackElo "1981"]

1. d4 Nf6 2. Bf4 g6 3. Nc3 d5 4. e3 Bg7 5. h4 c6 6. Be2 Qb6 7. Na4 Qa5+ 8. c3 h5
9. b4 Qd8 10. Nc5 b6 11. Nb3 Ne4 12. Rc1 Nd6 13. Nf3 Bf5 14. Ne5 f6 15. Nf3 Nc4
16. O-O Nd7 17. Nbd2 b5 18. Nxc4 bxc4 19. Nd2 e5 20. Bg3 O-O 21. a4 a6 22. Re1
e4 23. f3 Bh6 24. Bf4 Bxf4 25. exf4 exf3 26. Bxf3 Qb8 27. g3 Qd6 28. Re3 Rae8
29. Qe2 Rxe3 30. Qxe3 Nb6 31. a5 Nc8 32. Re1 Kf7 33. Nf1 Qc7 34. Qf2 Nd6 35. Ne3
Be4 36. Bd1 Re8 37. Kh2 Qd7 38. Nf1 Nf5 39. Ne3 Nxe3 40. Rxe3 f5 1/2-1/2

[Event "Druzynowe Mistrzostwa Polski w Szachach I LIGA 2021"]
[Site "Szklarska Poreba"]
[Date "1899-12-30"]
[Round "5.60"]
[White "Rejniak, Zuzanna"]
[Black "Jalowiec, Halina"]
[Result "1/2-1/2"]
[WhiteTitle "k"]
[BlackTitle "WFM"]
[WhiteElo "1810"]
[BlackElo "1862"]

1. e4 e5 2. Nf3 Nc6 3. Bc4 Bc5 4. d3 Nf6 5. O-O O-O 6. Nc3 a6 7. Bg5 h6 8. Bh4
Be7 9. Bg3 d6 10. d4 b5 11. dxe5 Nxe5 12. Nxe5 dxe5 13. Qxd8 Bxd8 14. Bb3 Re8
15. Rad1 Bb7 16. f3 c6 17. Bh4 Bb6+ 18. Bf2 Bxf2+ 19. Rxf2 Red8 20. Rfd2 Rxd2
21. Rxd2 Kf8 22. g3 Ke7 23. Nd1 Bc8 24. Ne3 g6 25. c4 Be6 26. cxb5 Bxb3 27. axb3
axb5 28. Nc2 Rd8 29. Rxd8 Kxd8 30. Kf2 Kd7 31. b4 Kd6 32. Ke3 Nd7 33. b3 Nf8 34.
f4 f6 35. fxe5+ fxe5 36. Ne1 Nd7 37. Nd3 Nf6 38. h3 Nh5 39. Kf3 Nf6 40. Ke3 Nd7
41. Nf2 g5 42. Ng4 h5 1/2-1/2

[Event "Druzynowe Mistrzostwa Polski w Szachach I LIGA 2021"]
[Site "Szklarska Poreba"]
[Date "1899-12-30"]
[Round "5.61"]
[White "Maciejczak, Jakub"]
[Black "Niekras, Dawid"]
[Result "1/2-1/2"]
[WhiteTitle "FM"]
[BlackTitle "FM"]
[WhiteElo "2363"]
[BlackElo "2286"]

1. c4 e5 2. Nc3 Nf6 3. g3 Bb4 4. Bg2 O-O 5. Qb3 Bxc3 6. Qxc3 Re8 7. e4 c6 8. d3
d5 9. Ne2 Bg4 10. f3 Be6 11. O-O Nbd7 12. b3 b5 13. f4 Bg4 14. Qc2 bxc4 15. bxc4
dxe4 16. dxe4 Nc5 17. fxe5 Nfd7 18. Be3 Qe7 19. Nd4 Nxe5 20. Kh1 Rab8 21. Rab1
f6 22. Bg1 Ne6 23. Nf5 Qa3 24. Rb3 Rxb3 25. Qxb3 Qxb3 26. axb3 Rb8 27. Ra1 Rxb3
28. Rxa7 Rb1 29. Ra8+ Kf7 30. Ra7+ Kg8 31. Ra8+ Kf7 32. Ra7+ Kg8 33. Ra8+ 1/2-1/2

[Event "Druzynowe Mistrzostwa Polski w Szachach I LIGA 2021"]
[Site "Szklarska Poreba"]
[Date "1899-12-30"]
[Round "5.62"]
[White "Zakrzewski, Marek"]
[Black "Kucza, Karol"]
[Result "1-0"]
[WhiteTitle "FM"]
[BlackTitle "FM"]
[WhiteElo "2273"]
[BlackElo "2322"]

1. e4 e5 2. Nf3 Nc6 3. Bc4 Bc5 4. c3 Nf6 5. d4 exd4 6. e5 d5 7. Bb5 Ne4 8. cxd4
Bb6 9. Nc3 O-O 10. Be3 Bg4 11. h3 Bxf3 12. gxf3 Nxc3 13. bxc3 f6 14. f4 Na5 15.
Bd3 f5 16. Qh5 Qd7 17. Rg1 Nc4 18. Rg5 g6 19. Ke2 Rf7 20. Rag1 Raf8 21. e6 Qxe6
22. Rxg6+ hxg6 23. Rxg6+ Qxg6 24. Qxg6+ Kh8 25. Qh6+ Kg8 26. Qe6 Nd6 27. Qxd5
Re8 28. Bc2 Kg7 29. Qg2+ Kf8 30. Qg6 Ne4 31. Bxe4 Rxe4 32. h4 c6 33. h5 Ke7 34.
Kf3 Re6 35. Qg5+ Kd7 36. Bc1 Bd8 37. Qg8 Ree7 38. Ba3 Rg7 39. Qf8 Ref7 40. Qd6+
Kc8 41. Qe6+ Rd7 42. Qxf5 b6 43. Bd6 Kb7 44. Be5 Rgf7 45. Qg6 Bc7 46. h6 Rde7
47. Kg4 Rd7 48. f5 c5 49. Bg7 cxd4 50. cxd4 Bd8 51. f4 Bc7 52. f6 1-0

[Event "Druzynowe Mistrzostwa Polski w Szachach I LIGA 2021"]
[Site "Szklarska Poreba"]
[Date "1899-12-30"]
[Round "5.63"]
[White "Janaszak, Dawid"]
[Black "Selbes, Tarik"]
[Result "1-0"]
[WhiteTitle "FM"]
[BlackTitle "FM"]
[WhiteElo "2348"]
[BlackElo "2260"]

1. e4 e5 2. Nf3 Nc6 3. d4 exd4 4. Nxd4 Bc5 5. Nb3 Bb6 6. Nc3 Nf6 7. Bg5 d6 8. Qe2
h6 9. Be3 Qe7 10. O-O-O Be6 11. Kb1 O-O 12. f3 Bxe3 13. Qxe3 a5 14. g4 a4 15.
Nd4 Nxd4 16. Qxd4 Nd7 17. a3 Qh4 18. Be2 Qg5 19. h4 Qf4 20. Qd2 Qxd2 21. Rxd2
f6 22. Rd4 Nc5 23. Bb5 h5 24. gxh5 Kf7 25. Be2 Rh8 26. f4 f5 27. exf5 Bxf5 28.
Rg1 Rh6 29. Kc1 Re8 30. Kd2 c6 31. Bf3 d5 32. Nxa4 Ne6 33. Rb4 b5 34. Nc3 Nc5
35. a4 Na6 36. Rd4 b4 37. Ne2 Rb8 38. b3 Rd6 39. Ng3 Bh7 40. f5 Rbd8 41. Rg4 R8d7
42. Be2 c5 43. Ke3 Nc7 44. Bd3 Ne8 45. Rg5 Rc7 46. Bb5 Re7+ 47. Kf3 Nf6 48. Rxg7+
Kxg7 49. Ne4+ Kh6 50. Nxd6 Ne4 51. Nxe4 Rxe4 52. Bd3 Re8 53. Kf4 Rc8 54. f6 Bg8
55. Bf5 Rf8 56. Ke5 d4 57. Be6 Bh7 58. f7 c4 59. Bxc4 d3 60. cxd3 1-0

[Event "Druzynowe Mistrzostwa Polski w Szachach I LIGA 2021"]
[Site "Szklarska Poreba"]
[Date "1899-12-30"]
[Round "5.64"]
[White "Hemmerling, Jaroslaw"]
[Black "Dudzinski, Piotr"]
[Result "0-1"]
[WhiteTitle "I++"]
[BlackTitle "FM"]
[WhiteElo "1935"]
[BlackElo "2321"]

1. d4 d5 2. c4 e6 3. Nc3 Nf6 4. cxd5 exd5 5. Bg5 c6 6. e3 Be7 7. Bd3 O-O 8. h3
Nbd7 9. Nf3 Ne4 10. Bf4 f5 11. Qc2 Re8 12. O-O-O Qa5 13. Kb1 Bb4 14. Nd2 Bxc3
15. Nb3 Qb4 16. Bxe4 fxe4 17. Qxc3 Qxc3 18. bxc3 b6 19. Kb2 Ba6 20. a4 Be2 21.
Rde1 Bd3 22. g4 a5 23. Bc7 Rec8 24. Bd6 c5 25. Nd2 Rc6 26. Bf4 cxd4 27. exd4 Rac8
28. Rc1 b5 29. axb5 Rb6 30. Ka3 Rxb5 31. Rh2 Rc6 32. f3 e3 33. Bxe3 Nb6 34. Bg5
Nc4+ 35. Nxc4 dxc4 36. Be7 Rb3+ 37. Ka2 Rcb6 38. Ba3 Bb1+ 39. Rxb1 Rxb1 40. Rd2
Rf1 41. d5 Rxf3 42. d6 Rd3 43. Re2 h6 44. Re7 Rd2+ 45. Ka1 Rb3 46. Bc5 Rxc3 47.
Kb1 Rxh3 48. Re1 Rd5 0-1